Normal view
MARC view
Entry Personal Name
001 - CONTROL NUMBER
- control field: 1073
003 - CONTROL NUMBER IDENTIFIER
- control field: OSt
005 - DATE AND TIME OF LATEST TRANSACTION
- control field: 20230321155312.0
008 - FIXED-LENGTH DATA ELEMENTS
- fixed length control field: 230321|| aca||aabn | a|a d
040 ## - CATALOGING SOURCE
- Original cataloging agency: OSt
- Transcribing agency: OSt
100 ## - HEADING--PERSONAL NAME
- Personal name: Smilowitz, Michael
670 ## - SOURCE DATA FOUND
- Source citation: Work cat.: (OSt): Daniels, Tom D. 1026, Instructor's manual and test item file to accompany: Perspectives on organizational communication by Daniels, Spiker & Papa. /, 1997.
